Human resource development (Record no. 367456)
[ view plain ]
| 000 -LEADER | |
|---|---|
| fixed length control field | 00806nam a22002417a 4500 |
| 003 - CONTROL NUMBER IDENTIFIER | |
| control field | 0 |
| 005 - DATE AND TIME OF LATEST TRANSACTION | |
| control field | 20250506170923.0 |
| 008 - FIXED-LENGTH DATA ELEMENTS--GENERAL INFORMATION | |
| fixed length control field | 250506b xxu||||| |||| 00| 0 eng d |
| 020 ## - INTERNATIONAL STANDARD BOOK NUMBER | |
| International Standard Book Number | 9786214270767 |
| 050 ## - LIBRARY OF CONGRESS CALL NUMBER | |
| Classification number | HF 5549.5 |
| Item number | .M37 2021 |
| 100 ## - MAIN ENTRY--PERSONAL NAME | |
| Personal name | Marcelo, Danilo F. |
| 245 ## - TITLE STATEMENT | |
| Title | Human resource development |
| Statement of responsibility, etc | Danilo F. Marcelo, Jr. , Maria FeSocan-Marcelo, Erico Roy A. Lopez |
| 260 ## - PUBLICATION, DISTRIBUTION, ETC. (IMPRINT) | |
| Place of publication, distribution, etc | Manila |
| Name of publisher, distributor, etc | Unlimited Books Library Services & Publishing Inc. |
| Date of publication, distribution, etc | c2021 |
| 300 ## - PHYSICAL DESCRIPTION | |
| Extent | xii, 282 pages ; |
| Dimensions | 26cm. |
| 504 ## - BIBLIOGRAPHY, ETC. NOTE | |
| Bibliography, etc | Includes bibliographical references. |
| 650 ## - SUBJECT ADDED ENTRY--TOPICAL TERM | |
| Topical term or geographic name as entry element | Employees—Training of. |
| 650 ## - SUBJECT ADDED ENTRY--TOPICAL TERM | |
| Topical term or geographic name as entry element | Personnel management. |
| 650 ## - SUBJECT ADDED ENTRY--TOPICAL TERM | |
| Topical term or geographic name as entry element | Human capital—Development. |
| 650 ## - SUBJECT ADDED ENTRY--TOPICAL TERM | |
| Topical term or geographic name as entry element | Career development. |
| 700 ## - ADDED ENTRY--PERSONAL NAME | |
| Personal name | Marcelo, Maria Fe Socan |
| 700 ## - ADDED ENTRY--PERSONAL NAME | |
| Personal name | Lopez, Erico Roy A. |
| 942 ## - ADDED ENTRY ELEMENTS (KOHA) | |
| Source of classification or shelving scheme | Library of Congress Classification |
| Koha item type | Books |
| Withdrawn status | Lost status | Source of classification or shelving scheme | Damaged status | Home library | Current library | Shelving location | Date acquired | Source of acquisition | Sub Shelving location | Total Checkouts | Full call number | Barcode | Date last seen | Price effective from | Koha item type |
|---|---|---|---|---|---|---|---|---|---|---|---|---|---|---|---|
| Library of Congress Classification | College Library | College Library | Filipiniana Section | 05/06/2025 | Library Fund | HF 5549.5 .M37 2021 | C24533 | 05/06/2025 | 05/06/2025 | Books | |||||
| Library of Congress Classification | College Library | College Library | Filipiniana Section | 05/06/2025 | Library Fund | HF 5549.5 .M37 2021 | C24532 | 05/06/2025 | 05/06/2025 | Books | |||||
| Library of Congress Classification | College Library | College Library | Filipiniana Section | 05/06/2025 | Library Fund | HF 5549.5 .M37 2021 | C24531 | 05/06/2025 | 05/06/2025 | Books |